Music Quiz

Random Music or Artist Quiz
Score 0/90 Timer 13:00
0 Plays Today
Category Artist % Correct
Record of the YearLady Gaga
96.1%
Album of the YearLady Gaga
96.1%
Best Dance RecordingLady Gaga
96.1%
Record of the YearBeyoncé
95.9%
Album of the YearBeyoncé
95.9%
Best Female Pop VocalBeyoncé
95.9%
Best Female R&BBeyoncé
95.9%
Record of the YearBlack Eyed Peas
92.9%
Album of the YearBlack Eyed Peas
92.9%
Best Pop Vocal - Duo Or GroupBlack Eyed Peas
92.9%
Best Dance RecordingBlack Eyed Peas
92.9%
Record of the YearTaylor Swift
86.8%
Album of the YearTaylor Swift
86.8%
Best Female Pop VocalTaylor Swift
86.8%
Best Female CountryTaylor Swift
86.8%
Best Female Pop VocalKaty Perry
78.9%
Record of the YearKings of Leon
76.8%
Best Rock - Duo or GroupKings of Leon
76.8%
Best Dance RecordingBritney Spears
62.8%
Best Rock - Duo or GroupGreen Day
56.6%
Best Female Pop VocalP!nk
54.8%
Best Rap SoloJay-Z
40.7%
Best Rap SoloDrake
39.4%
Best New ArtistMGMT
39.1%
Best Pop Vocal - Duo Or GroupMGMT
39.1%
Best New ArtistThe Ting Tings
38%
Best New ArtistZac Brown Band
37.5%
Best Country - Duo or GroupZac Brown Band
37.5%
Best Rap SoloKid Cudi
36.4%
Best New ArtistKeri Hilson
32.2%
Category Artist % Correct
Best Female CountryCarrie Underwood
29.7%
Best Country - Duo or GroupLady Antebellum
24.7%
Best Rap SoloEminem
24.2%
Best Hard RockMetallica
23.8%
Best Hard RockLinkin Park
23.7%
Best Rock - Duo or GroupColdplay
23.6%
Album of the YearDave Matthews Band
23.1%
Best Female Pop VocalAdele
21.3%
Best Male CountryKeith Urban
20.4%
Best Alternative Music AlbumPhoenix
19.4%
Best Pop Vocal - Duo Or GroupThe Fray
17.7%
Best Rock - Duo or GroupU2
16.8%
Best Pop Vocal - Duo Or GroupBon Jovi
16.5%
Best Dance RecordingDavid Guetta & Kelly Rowland
15.1%
Best Country - Duo or GroupRascal Flatts
14%
Best New ArtistSilversun Pickups
13.3%
Best Hard RockNickelback
12.4%
Best Rock SoloBruce Springsteen
11.9%
Best Country - Duo or GroupSugarland
11.8%
Best Female CountryMiranda Lambert
11.2%
Best Male Pop VocalJason Mraz
9.7%
Best Male Pop VocalMaxwell
9.6%
Best Male R&BMaxwell
9.6%
Best Dance RecordingMadonna
9.1%
Best Male CountryBilly Currington
8.4%
Best Country - Duo or GroupBrooks & Dunn
8.1%
Best Alternative Music AlbumYeah Yeah Yeahs
7.5%
Best Hard RockAC/DC
7.2%
Best Male CountryGeorge Strait
6.4%
Best Female CountryMartina McBride
5.9%
Category Artist % Correct
Best Pop Vocal - Duo Or GroupDaryl Hall & John Oates
5.3%
Best Male Pop VocalJohn Legend
5.1%
Best Hard RockAlice in Chains
4.9%
Best Rock SoloBob Dylan
4.4%
Best Female R&BJazmine Sullivan
3.9%
Best Alternative Music AlbumDeath Cab For Cutie
3.9%
Best MetalSlayer
3.8%
Best Male CountryJamey Johnson
3.7%
Best Rock SoloNeil Young
3.5%
Best Male CountryTrace Adkins
3.3%
Best MetalMegadeth
3.2%
Best Male Pop VocalSeal
3%
Best Rock - Duo or GroupEric Clapton & Steve Winwood
2.9%
Best Female R&BMelanie Fiona
2.7%
Best Male R&BCharlie Wilson
2.7%
Best Male Pop VocalStevie Wonder
2.5%
Best MetalLamb of God
2.2%
Best MetalJudas Priest
2.2%
Best Female CountryLee Ann Womack
2%
Best Rap SoloMos Def
2%
Best Male R&BMusiq Soulchild
1.9%
Best Male R&BPleasure P
1.8%
Best Rock SoloPrince
1.8%
Best Male R&BAnthony Hamilton
1.7%
Best Alternative Music AlbumDavid Byrne & Brian Eno
1.7%
Best Alternative Music AlbumDepeche Mode
1.6%
Best Rock SoloJohn Fogerty
1.4%
Best Female R&BLedisi
1.2%
Best MetalMinistry
1.1%
Best Female R&BLalah Hathaway
0.9%
Remove Ads.
Support Sporcle.
Get the best of Sporcle when you Go Orange. This ad-free experience offers more features, more stats, and more fun while also helping to support Sporcle. Thank you for becoming a member.

You're not logged in!

Compare scores with friends on all Sporcle quizzes.
OR
Log In

Sporcle TV

Today on Sporcle TV


Watch our educational content, quiz creation guides, and fun videos on Sporcle TV.

Show Comments

Extras

Top Quizzes Today


Score Distribution

Paid Content

Your Account Isn't Verified!

In order to create a playlist on Sporcle, you need to verify the email address you used during registration. Go to your Sporcle Settings to finish the process.

Report this User

Report this user for behavior that violates our Community Guidelines.

Details: